000
00242 a2200097 4500
001
33381
100
_a
Reddy,R.J
245
_a
Business Data processing and computer applications
260
_a
New Delhi
_b
APH Pub
_c
2004
090
_c
22248
_d
22248
942
_a
NUST-CAE
_c
M
_c
13612
999
_c
268454
_d
268454